sanah - 2:00 - Statystyki

Ogólne statystyki
  • Ten quiz został rozwiązany 61 razy
  • Średni wynik to 112 z 151
Statystyki odpowiedzi
Odpowiedź % Poprawnych
o
100%
w
100%
W
100%
z
100%
A
95%
chciałam
95%
drugiej
95%
na
95%
Na
95%
nocy
95%
nocy...
95%
po
95%
pomocy
95%
Dzisiaj
90%
I
90%
telefon
90%
ten
90%
Tylko
90%
tylko
90%
czy
86%
ja
86%
Nie
86%
nie
86%
Sorka
86%
za
86%
Cię
81%
co
81%
Hulać
81%
hulać
81%
słuchawce
81%
słyszałam
81%
śmiech
81%
tak
81%
wiem
81%
Carpe
76%
Cicho
76%
Ciebie
76%
diem
76%
dnia
76%
do
76%
dzień
76%
Jest
76%
miało
76%
Naiwna
76%
naiwna
76%
raz
76%
sens
76%
sza
76%
to
76%
czas
71%
Gdy
71%
głos
71%
jak
71%
ktoś
71%
Mogłam
71%
mogłam
71%
nasz
71%
potem
71%
że
71%
brać
67%
cały
67%
jakoś
67%
Kolejny
67%
magicznie
67%
mocniej
67%
mówić
67%
myślę
67%
Ostatni
67%
parkiet
67%
siebie
67%
tańca
67%
trzymać
67%
wziąć
67%
zranił
67%
Chcę
62%
chciałes
62%
cofnąć
62%
iść
62%
obiecać
62%
Teraz
62%
...Teraz
62%
stronie
52%
tej
52%
tęsknie
52%
Tęsknie
52%
ciut
48%
Czemu
48%
śniegu
48%
znów
48%
wraca
43%
Wraca
43%
puch
38%
rzęs
38%
Nie znaleziono quizów pasujących do podanych kryteriów
Rozkład punktacji
Procent ludzi z każdym wynikiem
Percentyl według liczby udzielonych odpowiedzi
Twoja historia wyników
Nie rozwiązałeś tego quizu